000 00370nam a2200157Ia 4500
003 OSt
008 191201s2010 xx 000 0 und d
082 _a658.4034
_bSHO
100 _aSHARMA, S D
245 0 _aOperations Research
250 _aRep
260 _c2010
_bKedar Nath Ram Nath and Co. Meerut
_aNew Delhi
300 _aMISC
650 _aMCA
942 _2ddc
_cBB
999 _c7409
_d7409